AJ buildings library (Record no. 120905)

MARC details
000 -LEADER
fixed length control field 00814cad a22001815a 4500
001 - CONTROL NUMBER
control field L152798
008 - FIXED-LENGTH DATA ELEMENTS--GENERAL INFORMATION
fixed length control field 110503u2010 xxk g 000 0 eng d
035 ## - SYSTEM CONTROL NUMBER
System control number (Sirsi) u152798
041 0# - LANGUAGE CODE
Language code of text/sound track or separate title eng
110 2# - MAIN ENTRY--CORPORATE NAME
Corporate name or jurisdiction name as entry element Architects' Journal
245 00 - TITLE STATEMENT
Title AJ buildings library
Medium [electronic resource]
520 ## - SUMMARY, ETC.
Summary, etc. An online database of buildings, projects, architects, drawings; hundreds of exemplar projects, most from the last 20 years but including major projects back to 1900; search for projects by age, cost, architect, building type, footprint, location, and a combination of these.
590 ## - LOCAL NOTE (RLIN)
Local note KA NTK
651 #4 - SUBJECT ADDED ENTRY--GEOGRAPHIC NAME
Geographic name International
690 ## - LOCAL SUBJECT ADDED ENTRY--TOPICAL TERM (OCLC, RLIN)
Topical term or geographic name as entry element BUILT ENVIRONMENT-CONSTRUCTION DESIGN
856 40 - ELECTRONIC LOCATION AND ACCESS
Uniform Resource Identifier <a href="https://www.ajbuildingslibrary.co.uk/">https://www.ajbuildingslibrary.co.uk/</a>
Public note View the website free of charge at www.ajbuildingslibrary.co.uk
942 ## - ADDED ENTRY ELEMENTS (KOHA)
Suppress in OPAC 0
Holdings
Withdrawn status Lost status Source of classification or shelving scheme Damaged status Not for loan Home library Current library Shelving location Date acquired Total Checkouts Full call number Barcode Date last seen Copy number Price effective from Koha item type
    Dewey Decimal Classification     Virtual Virtual Online 03/05/2011   WEBSITE 152798-2001 06/08/2019 1 06/08/2019 Online material